| 000 | 00705nam a2200241 i 4500 | ||
|---|---|---|---|
| 001 | bg | ||
| 100 | 1 | _aPERLMANN-BALME, Michaela | |
| 245 | 1 | 0 |
_aEm Brückenkurs : _bDeutsch als Fremdsprache für die Mittelstufe : Lehrerhandbuch / _cMichaela Perlmann-Balme, Gabi Baier, Barbara Thoma. |
| 250 | _a2. Aufl. | ||
| 260 |
_aIsmaning : _bHueber, _c2000. |
||
| 300 |
_a126 s. ; _c28 cm. |
||
| 650 |
_aJęzyk niemiecki _xnauczanie |
||
| 655 | _aPodręczniki | ||
| 700 | 1 | _aBAIER, Gabi | |
| 700 | 1 | _aTHOMA, Barbara | |
| 020 | _a3190216274 | ||
| 040 | _cBPK | ||
| 041 | 0 | _ade | |
| 080 | _a372.881.111.22 | ||
| 920 | _a3-19-021627-4 | ||
| 942 | _cKS | ||
| 008 | s pl f |000 0 pol | ||
| 999 |
_c40119 _d40119 |
||
| 856 |
_uhttp://koha.tu.koszalin.pl/cgi-bin/koha/opac-detail.pl?biblionumber=40119 _yKatalog online BPK |
||